000 00945nam a2200229Ia 4500
001 12107
003 GE_BSU
008 181216s||||||||xx |||||||||||||| ||und||
020 _a9785951802736
040 _cGE_BSU
080 _a615.83+615.834
245 _aфизиотерапия и курортология. Кн.3
245 _bфизиотерапия и реабилитация в неврологии, гинекологии, в онкологии, гериатрии, в стоматологии, дерматологии, косметологии, в офтальмологии, оториноларингологии, в лечении ран, переломов
245 _cПод.ред. В.М.Боголюбова.
260 _aМосква
260 _bБином
260 _c2012
300 _a311стр.24см.
541 _h33 Gel
653 _aфизиотерапия и курортология
942 _cBK
999 _c45283
_d45283